01886nam a2200385 a 450000100100000000500170001000800410002702000220006802000220009004000250011208200150013710000270015224501860017925000120036526000480037730000260042549000100045150000490046150500270051050500300053759000260056770000380059370000350063170000540066670000380072071000350075883000170079395201140081095201140092495201080103895201140114695201080126095201150136899900170148300004694620201002053231.0091120s2016 dr a r 001 0 spa d a9945595659 (v. 1) a9945595666 (v. 2) aDO-SdBNPbspacBNPHU axxxxbxxxx1 aVeles, Adalgisa92983110aCapullito :bnivel inicial 3 años /cAdalgisa Veles, ; colaboración Viviana Falcón ; producción editorial María del Jesús de la Rosa ; ilustraciones Ramón L. Sandoval. a2a. ed. aSanto Domingo :bActualidad escolar,c2016. a4 v. :bil. ;c22 cm.1 aAraya aLibros para niños de 3 a 5 años de edad.0 gv. 1 :tLibro de texto0 gv. 2 :tLibro del maestro aInventariado, 2018/VM1 aSandoval , Ramón L.eil.9295851 aFalcón, Vivianaecol.9298321 aJesús de la Rosa, María deleprod. ed.9298331 aSandoval, Ramón L.,eil.9295852 aActualidad escolar 2000974858 0aAraya929834 0010718PDaGRbGRcHDd2018-04-09iLF1l0ov. 1, e. 3p46946-30r2020-06-25w2020-06-25yLFPDZNo se presta 0010718PDaGRbGRcHDd2018-11-21iLF1l0ov. 2, e. 3p46946-40r2020-06-25w2020-06-25yLFPDZNo se presta 0010718PDaPDbPDcHDd2018-04-09iLF1l0ov. 1p46946-10r2020-06-25w2020-06-25yLFPDZNo se presta 0010718PDaPDbPDcHDd2018-04-09iLF1l0ov. 1, e. 2p46946-20r2020-06-25w2020-06-25yLFPDZNo se presta 0010718PDaPDbPDcHDd2018-11-21iLF1l0ov. 2p46946-50r2020-06-25w2020-06-25yLFPDZNo se presta 0010718PDaPDbPDcHDd2018-11-21iLF1l0ov. 2, e. 2p46946-60r2020-06-25w2020-06-25yLFPDZNo se presta c46434d46434